000 nam a22 7a 4500
999 _c10668
_d10668
008 180220b ||||| |||| 00| 0 eng d
100 _aTayal.B.B.
_96547
245 _aComposite Social Science-VI
260 _aNew Delhi
_bArya
_c2013